[Event "Madrid ch Sub-18 2013/2014"]
[Site "Madrid ESP"]
[Date "2013.10.19"]
[Round "5.5"]
[White "Vela Martinez, Jose"]
[Black "Anton Quevedo, Andrea"]
[Result "1-0"]
[WhiteElo "1584"]
[BlackElo "1504"]
[PlyCount "77"]
[EventDate "2013.10.04"]
[EventType "swiss"]
[EventRounds "6"]
[EventCountry "ESP"]
[Source "lmi"]
[SourceDate "2013.10.04"]

1. e4 c5 2. Nf3 d6 3. d4 cxd4 4. Nxd4 Nc6 5. Nc3 Nf6 6. f3 e5 7. Nb3 Be7 8. Be3
O-O 9. Qd2 Be6 10. O-O-O a5 11. Na4 Nd7 12. g4 Nb4 13. Kb1 Rb8 14. a3 Nc6 15.
h4 b5 16. Nc3 b4 17. Nb5 bxa3 18. Nxa3 Bxb3 19. cxb3 Rxb3 20. Qd5 Rxe3 21. Qxc6
Rxf3 22. Nc4 Nb8 23. Qb5 Qc7 24. Rc1 Rc8 25. Be2 Nc6 26. Bxf3 Nd4 27. Qa6 Rb8
28. Nxe5 Qd8 29. Nc6 Nxc6 30. Rxc6 Bf6 31. Rh2 h6 32. Rhc2 Qe7 33. Rc8+ Rxc8
34. Qxc8+ Kh7 35. g5 Be5 36. gxh6 gxh6 37. Rc7 Qf6 38. Qf8 Kg6 39. h5+ 1-0

[Event "Madrid ch Sub-18 2013/2014"]
[Site "Madrid ESP"]
[Date "2013.10.25"]
[Round "6.1"]
[White "Martin Duque, Jesus"]
[Black "Alfaya Marcelo, Roberto"]
[Result "1-0"]
[WhiteElo "2233"]
[BlackElo "1893"]
[PlyCount "75"]
[EventDate "2013.10.04"]
[EventType "swiss"]
[EventRounds "6"]
[EventCountry "ESP"]
[Source "lmi"]
[SourceDate "2013.10.04"]

1. e4 g6 2. d4 Bg7 3. Nc3 d6 4. Be3 a6 5. a4 b6 6. Qd2 Nd7 7. f3 e6 8. Nge2
Ngf6 9. g4 h5 10. g5 Ng8 11. h4 Ne7 12. Bh3 Bb7 13. O-O d5 14. exd5 Nxd5 15.
Nxd5 Bxd5 16. Qd3 e5 17. c4 Bb7 18. f4 Nc5 19. Qd1 exd4 20. Nxd4 Qd6 21. Qe2
O-O 22. Rad1 Qe7 23. Rfe1 Qe4 24. Kh2 Nxa4 25. Qd2 Qe7 26. Bf2 Qd6 27. b3 Nc5
28. Qc1 Bxd4 29. Rxd4 Qc6 30. Qd1 Ne6 31. Rde4 Rad8 32. Qc2 Qd6 33. Rxe6 Qxf4+
34. Bg3 Qd4 35. Rxg6+ fxg6 36. Qxg6+ Qg7 37. Be6+ Kh8 38. Qxh5+ 1-0

[Event "Madrid ch Sub-18 2013/2014"]
[Site "Madrid ESP"]
[Date "2013.10.25"]
[Round "6.2"]
[White "Perez Perez, Elena"]
[Black "Dierssen Garcia-Barredo, Guill"]
[Result "0-1"]
[WhiteElo "1722"]
[BlackElo "1974"]
[PlyCount "90"]
[EventDate "2013.10.04"]
[EventType "swiss"]
[EventRounds "6"]
[EventCountry "ESP"]
[Source "lmi"]
[SourceDate "2013.10.04"]

1. e4 e6 2. d4 d5 3. Nd2 Be7 4. c3 c5 5. Bd3 Nc6 6. Ne2 cxd4 7. cxd4 Nb4 8. Bb1
dxe4 9. Nxe4 Bd7 10. a3 Nd5 11. O-O Bc6 12. N2c3 Ngf6 13. Re1 Qd7 14. Bc2 Rd8
15. Qd3 b6 16. Qg3 Kf8 17. Bg5 Qb7 18. Ba4 Nxe4 19. Bxe7+ Nxe7 20. Bxc6 Nxg3
21. Bxb7 Ngf5 22. Rad1 Rd7 23. Be4 Nd6 24. Bf3 Ng6 25. Bc6 Rd8 26. g3 Ke7 27.
Nd5+ Kf8 28. Nc3 Rc8 29. d5 Ke7 30. Ba4 e5 31. Bc2 f5 32. g4 Kf6 33. gxf5 Nh4
34. Re3 Nhxf5 35. Rf3 g6 36. Ne4+ Nxe4 37. Bxe4 Rhd8 38. d6 Ke6 39. Bd5+ Kxd6
40. Bb7+ Kc7 41. Rxd8 Rxd8 42. Be4 Rd1+ 43. Kg2 Nh4+ 44. Kg3 Nxf3 45. Bxf3 Rd4
0-1

[Event "Madrid ch Sub-18 2013/2014"]
[Site "Madrid ESP"]
[Date "2013.10.25"]
[Round "6.3"]
[White "Vela Martinez, Jose"]
[Black "Zhynguel Ramirez De Verger, Aleksei"]
[Result "0-1"]
[WhiteElo "1584"]
[BlackElo "1880"]
[PlyCount "36"]
[EventDate "2013.10.04"]
[EventType "swiss"]
[EventRounds "6"]
[EventCountry "ESP"]
[Source "lmi"]
[SourceDate "2013.10.04"]

1. e4 c5 2. Nf3 Nc6 3. d4 cxd4 4. Nxd4 g6 5. Be3 Bg7 6. Nc3 Nf6 7. Qd2 O-O 8.
f3 d5 9. exd5 Nxd5 10. Nxc6 bxc6 11. O-O-O Rb8 12. Bd4 e5 13. Bxa7 Ra8 14. Bc5
Be6 15. Bxf8 Qxf8 16. Bc4 Bh6 17. Nxd5 Bxd5 18. f4 Bxf4 0-1

[Event "Madrid ch Sub-18 2013/2014"]
[Site "Madrid ESP"]
[Date "2013.10.25"]
[Round "6.4"]
[White "Lopez Garralon, Jorge"]
[Black "Hernandez Ramos, David"]
[Result "0-1"]
[WhiteElo "1345"]
[BlackElo "1753"]
[PlyCount "70"]
[EventDate "2013.10.04"]
[EventType "swiss"]
[EventRounds "6"]
[EventCountry "ESP"]
[Source "lmi"]
[SourceDate "2013.10.04"]

1. e4 e6 2. d3 d5 3. e5 c5 4. c3 Nc6 5. Nf3 Nge7 6. Bf4 Qb6 7. Qc2 Ng6 8. Bg3
Bd7 9. Nbd2 Qc7 10. d4 cxd4 11. cxd4 Rc8 12. Rc1 Qb6 13. Qb3 Bb4 14. Qd3 O-O
15. a3 Bxd2+ 16. Qxd2 Nxd4 17. Rxc8 Nxf3+ 18. gxf3 Rxc8 19. Bd3 Bb5 20. Bc2 Qc5
21. Kd1 d4 22. a4 Bc4 23. b4 Qd5 24. Ke1 Qxf3 25. Rg1 d3 26. Bd1 Qd5 27. Qb2 a5
28. b5 Ne7 29. Bf4 Qe4+ 30. Be3 Nd5 31. Qd2 Qxe5 32. h4 Qh2 33. Rxg7+ Kxg7 34.
Bh6+ Kh8 35. Qg5 Rg8 0-1

[Event "Madrid ch Sub-18 2013/2014"]
[Site "Madrid ESP"]
[Date "2013.10.25"]
[Round "6.5"]
[White "Monge Gilgado, Eva Maria"]
[Black "Hrybanova, Valeria"]
[Result "1-0"]
[WhiteElo "1856"]
[BlackElo "1532"]
[PlyCount "37"]
[EventDate "2013.10.04"]
[EventType "swiss"]
[EventRounds "6"]
[EventCountry "ESP"]
[Source "lmi"]
[SourceDate "2013.10.04"]

1. e4 e5 2. Bc4 Nf6 3. d3 h6 4. Nf3 d6 5. c3 Be7 6. Nbd2 Bg4 7. h3 Bxf3 8. Qxf3
Nbd7 9. Nf1 Nf8 10. Ng3 Ng6 11. Nf5 O-O 12. Be3 Qd7 13. g4 Nh7 14. h4 Bd8 15.
g5 hxg5 16. hxg5 Bxg5 17. Bxg5 Nxg5 18. Qh5 Qd8 19. Qxg6 1-0

[Event "Madrid ch Sub-18 2013/2014"]
[Site "Madrid ESP"]
[Date "2013.10.26"]
[Round "7.1"]
[White "Dierssen Garcia-Barredo, Guill"]
[Black "Monge Gilgado, Eva Maria"]
[Result "1-0"]
[WhiteElo "1974"]
[BlackElo "1856"]
[PlyCount "47"]
[EventDate "2013.10.04"]
[EventType "swiss"]
[EventRounds "6"]
[EventCountry "ESP"]
[Source "lmi"]
[SourceDate "2013.10.04"]

1. d4 d5 2. c4 e6 3. Nc3 c6 4. e4 Bb4 5. e5 dxc4 6. Bxc4 Ne7 7. a3 Bxc3+ 8.
bxc3 Qc7 9. Ne2 O-O 10. O-O Rd8 11. a4 Ng6 12. Qb3 c5 13. Ba3 b6 14. Rfd1 Bb7
15. Bd3 cxd4 16. cxd4 Bd5 17. Qb2 Qb7 18. f3 Nd7 19. Nc3 Bc6 20. Be4 f6 21. Qb3
Ngf8 22. d5 exd5 23. Nxd5 Kh8 24. Ne7 1-0

[Event "Madrid ch Sub-18 2013/2014"]
[Site "Madrid ESP"]
[Date "2013.10.26"]
[Round "7.2"]
[White "Hrybanova, Valeria"]
[Black "Martin Duque, Jesus"]
[Result "0-1"]
[WhiteElo "1532"]
[BlackElo "2233"]
[PlyCount "64"]
[EventDate "2013.10.04"]
[EventType "swiss"]
[EventRounds "6"]
[EventCountry "ESP"]
[Source "lmi"]
[SourceDate "2013.10.04"]

1. e4 c5 2. Nf3 e6 3. d4 cxd4 4. Nxd4 Nc6 5. Nc3 Qc7 6. Be3 a6 7. Bd3 Nf6 8. f3
Ne5 9. Nde2 b5 10. Ng3 h5 11. f4 Neg4 12. Qd2 Nxe3 13. Qxe3 Bc5 14. Qd2 Ng4 15.
Nf1 Nf2 16. g3 Nxh1 17. Ne3 h4 18. gxh4 Qxf4 19. Nf1 Qxh4+ 20. Kd1 Nf2+ 21. Kc1
Bb7 22. b3 Nxe4 23. Nxe4 Bxe4 24. Bxe4 Qxe4 25. a4 b4 26. Kb1 Bd4 27. Ra2 Bc3
28. Qd1 Qe1 29. Qxe1 Bxe1 30. Kc1 Ke7 31. Kd1 Bc3 32. Ke2 Rh6 0-1

[Event "Madrid ch Sub-18 2013/2014"]
[Site "Madrid ESP"]
[Date "2013.10.26"]
[Round "7.3"]
[White "Alfaya Marcelo, Roberto"]
[Black "Zhynguel Ramirez De Verger, Aleksei"]
[Result "1/2-1/2"]
[WhiteElo "1893"]
[BlackElo "1880"]
[PlyCount "53"]
[EventDate "2013.10.04"]
[EventType "swiss"]
[EventRounds "6"]
[EventCountry "ESP"]
[Source "lmi"]
[SourceDate "2013.10.04"]

1. d4 Nf6 2. c4 e6 3. Nc3 Bb4 4. Qc2 O-O 5. a3 Bxc3+ 6. Qxc3 b6 7. Bg5 Bb7 8.
Nf3 d6 9. e3 Nbd7 10. Bd3 Rc8 11. O-O c5 12. Nd2 Qc7 13. e4 h6 14. Bxf6 Nxf6
15. d5 exd5 16. exd5 Rce8 17. Rae1 Re7 18. Ne4 Nxe4 19. Rxe4 Rxe4 20. Bxe4 Re8
21. Re1 Kf8 22. Bd3 Rxe1+ 23. Qxe1 Qe7 24. Qxe7+ Kxe7 25. f4 Kf6 26. Kf2 Bc8
27. Kf3 1/2-1/2

[Event "Madrid ch Sub-18 2013/2014"]
[Site "Madrid ESP"]
[Date "2013.10.26"]
[Round "7.4"]
[White "Hernandez Ramos, David"]
[Black "Perez Perez, Elena"]
[Result "1/2-1/2"]
[WhiteElo "1753"]
[BlackElo "1722"]
[PlyCount "67"]
[EventDate "2013.10.04"]
[EventType "swiss"]
[EventRounds "6"]
[EventCountry "ESP"]
[Source "lmi"]
[SourceDate "2013.10.04"]

1. d4 d5 2. c4 dxc4 3. Nf3 Nf6 4. e3 e6 5. Bxc4 a6 6. O-O b5 7. Bb3 Bb7 8. a4
c5 9. dxc5 Qxd1 10. Rxd1 Bxc5 11. Bd2 O-O 12. Bc3 Nd5 13. Bd4 Nd7 14. Nc3 Nxc3
15. Bxc3 Nb6 16. Bd4 Bxd4 17. Nxd4 bxa4 18. Bxa4 Nxa4 19. Rxa4 Rfd8 20. Rda1
Rd6 21. Rb4 Rd7 22. h3 g6 23. Ra3 Rc8 24. Rab3 Bd5 25. Ra3 Bb7 26. Rb6 Rc1+ 27.
Kh2 Kg7 28. Ra5 Rdc7 29. Ra3 e5 30. Nb3 R1c6 31. Rxc6 Rxc6 32. Na5 Rb6 33. Nc4
Rb5 34. Nd6 1/2-1/2

[Event "Madrid ch Sub-18 2013/2014"]
[Site "Madrid ESP"]
[Date "2013.10.26"]
[Round "7.6"]
[White "Anton Quevedo, Andrea"]
[Black "Lopez Garralon, Jorge"]
[Result "1-0"]
[WhiteElo "1504"]
[BlackElo "1345"]
[PlyCount "75"]
[EventDate "2013.10.04"]
[EventType "swiss"]
[EventRounds "6"]
[EventCountry "ESP"]
[Source "lmi"]
[SourceDate "2013.10.04"]

1. e4 d6 2. d4 Nf6 3. Nc3 Nbd7 4. Nf3 e5 5. Bc4 Be7 6. O-O c6 7. a4 a5 8. h3 h6
9. Be3 Qc7 10. Re1 Nf8 11. Qd3 g5 12. dxe5 dxe5 13. Bxg5 Rg8 14. Bxf6 Bxf6 15.
Kh2 Ng6 16. Ne2 Qe7 17. Qd2 Qc5 18. Bb3 Qxf2 19. Rf1 Qc5 20. Qxh6 Bd7 21. Qd2
Rg7 22. Rad1 O-O-O 23. Qd6 Be7 24. Qxc5 Bxc5 25. Ng5 Nf4 26. Nxf4 Rxg5 27. Nd3
Rdg8 28. Nxc5 Rxg2+ 29. Kh1 Bxh3 30. Rg1 Rxg1+ 31. Rxg1 Rxg1+ 32. Kxg1 f6 33.
Be6+ Bxe6 34. Nxe6 Kd7 35. Nc5+ Kc7 36. Kf2 b6 37. Nd3 Kd6 38. c4 1-0